000
00283nam a2200109Ia 4500
008
190912s9999||||xx |||||||||||||| ||und||
100
_a
Fredrick Angles
245
0
_a
Khandan : Zaati Milkeat aur Riyasat Ka Aghaz
260
_a
Karachi
_b
Fiction House
_c
2016
300
_a
258
942
_c
BK
999
_c
7413
_d
7413